书目信息 |
| 题名: |
甘南藏区人物
|
|
| 作者: | 吕传强 著 | |
| 分册: | ||
| 出版信息: | 北京 中国工人出版社 2000 |
|
| 页数: | 32页 | |
| 开本: | 29cm | |
| 丛书名: | 中华视觉艺术图库 | |
| 单 册: | ||
| 中图分类: | J423 | |
| 科图分类: | ||
| 主题词: | 人像摄影 , 藏族--人物--人像摄影--中国--现代--摄影集 | |
| 电子资源: | ||
| ISBN: | 7-5008-2348-7 | |
| 000 | 00973oam2 2200313 45 | |
| 001 | 110000006692 | |
| 005 | 20051122154613.95 | |
| 010 | @a7-5008-2348-7@dCNY19.80 | |
| 092 | @aCN | |
| 100 | @a20050415d2000 ekmy0chiy0120 ea | |
| 101 | 0 | @achi |
| 102 | @aCN@b110000 | |
| 105 | @aa z 000yy | |
| 200 | 1 | @a甘南藏区人物@9gan nan zang qu ren wu@f吕传强著@Flu chuan qiang zhu |
| 210 | @a北京@c中国工人出版社@d2000 | |
| 215 | @a32页@c照片@d29cm | |
| 225 | 2 | @a中华视觉艺术图库@h第1辑 |
| 312 | @a书脊题名为:中华视觉艺术图库 | |
| 312 | @a版权页题名为:中华视觉艺术图库 | |
| 461 | 0 | @12001 @a中华视觉艺术图库 |
| 516 | 1 | @a中华视觉艺术图库@9zhong hua shi jue yi shu tu ku |
| 517 | 1 | @a中华视觉艺术图库@9zhong hua shi jue yi shu tu ku |
| 606 | 0 | @a人像摄影 |
| 606 | 0 | @a藏族@x人物@x人像摄影@y中国@z现代@j摄影集 |
| 690 | @aJ423@v4 | |
| 701 | 0 | @a吕传强@Alu chuan qiang@4著 |
| 801 | 0 | @aCN@bTSSF@c20051122 |
| 905 | @a10447@dJ423@e172 | |
| 999 | @aAFJ@eGLX | |
| 甘南藏区人物/吕传强著.-北京:中国工人出版社,2000 |
| 32页:照片;29cm.-(中华视觉艺术图库.第1辑) |
| ISBN 7-5008-2348-7:CNY19.80 |
| ● |
| 相关链接 |
|
|
|
|
正题名:甘南藏区人物
索取号:J423/172
 
预约/预借
| 序号 | 登录号 | 条形码 | 馆藏地/架位号 | 状态 | 备注 |
| 1 | 0369009 | 203690096 | 第一样本阅览室/ [索取号:J423/172] | 在馆 | |
| 2 | 0369010 | 203690103 | 第一借阅区/ [索取号:J423/172] | 在馆 | |
| 3 | 0369011 | 203690112 | 第一借阅区/ [索取号:J423/172] | 在馆 | |
| 4 | 0369012 | 203690121 | 第一借阅区/ [索取号:J423/172] | 在馆 | |
| 5 | 0369013 | 203690130 | 第一借阅区/ [索取号:J423/172] | 在馆 | |
| 6 | 0369014 | 203690149 | 第一借阅区/ [索取号:J423/172] | 在馆 | |
| 7 | 0369015 | 203690158 | 第一借阅区/ [索取号:J423/172] | 在馆 | |
| 8 | 0369016 | 203690167 | 第一借阅区/ [索取号:J423/172] | 在馆 |